000 01119cam a22002892 4500
001 0000006105
005 20151021151108.0
008 070914s xx 000 0 eng d
020 _a9966281673 :
_cKES 550
040 _aKABU
_cKABU
100 1 _aSaleemi, Nisar Ahmad.
_@0000151299
245 1 0 _aFoundations of accounting simplified.
250 _a2nd ed.
260 _aNairobi :
_bN. A. Saleemi,
_c2000.
300 _a324 p.
650 0 _aAccouting.
_@0000160062
852 1 _9p600 KES
852 1 _9p600 KES
908 _a070914
950 _@1
999 _c623
_d623